000 00784 a2200193 4500
001 127553
020 _a9788566428100
040 _cEscola Canadense de Niteroi
090 _aIOR-J2
100 _aLoriatti, Alessandra
245 1 0 _aO Jardim das Virtudes
250 _a2.ed.
260 _aSão Paulo
300 _bil.
_c7 x 20 x 0.2
362 0 _a2015
520 _aDona Joaninha, tão pequenininha, era a guardiã de um jardim cheio de cores e perfume. Mas ela não cuidava dele sozinha. Os caracóis, as borboletas, os insetos, as abelhas, todos faziam a sua parte, com amor e união. Um dia as crianças foram brincar no jardim. Ali, descobriram não só a beleza do lugar, mas por que era chamado de O Jardim das Virtudes.
650 4 _aLiteratura Infantil
942 _cBK
999 _c127553
_d127553